[Event "SLO-chT1 West 29th"]
[Site "Slovenia"]
[Date "2019.09.27"]
[Round "4.4"]
[White "Brcar, Andrej"]
[Black "Siraj, Anej"]
[Result "1/2-1/2"]
[WhiteElo "2027"]
[BlackElo "1946"]
[PlyCount "66"]
[EventDate "2019.09.20"]
[EventType "team-tourn"]
[EventRounds "9"]
[EventCountry "SLO"]
[SourceTitle "CBM 192 Extra"]
[Source "Chessbase"]
[SourceDate "2019.11.06"]
[SourceVersion "1"]
[SourceVersionDate "2019.11.06"]
[SourceQuality "1"]
[WhiteTeam "Trebnje BMP"]
[BlackTeam "Vrhnika"]
[WhiteTeamCountry "SLO"]
[BlackTeamCountry "SLO"]

1. e4 c5 2. c3 Nf6 3. e5 Nd5 4. d4 cxd4 5. cxd4 e6 6. Nf3 b6 7. Nc3 Nxc3 8. bxc3 Bb7 9. Bd3 Be7 10. 0-0 Nc6 11. Qe2 Rc8 12. Bf4 Na5 13. Rac1 Qc7 14. c4 Qc6 15. d5 exd5 16. cxd5 Qxd5 17. Be4 Rxc1 18. Bxd5 Rxf1+ 19. Qxf1 Bxd5 20. Qa6 0-0 21. Qxa7 Bxa2 22. Qxb6 Nc6 23. h3 Rb8 24. Qc7 Be6 25. Kh2 h6 26. Be3 Kh7 27. g4 g5 28. Kg3 Kg6 29. Nd2 h5 30. Ne4 h4+ 31. Kg2 Kh6 32. Nf6 Bxf6 33. exf6 Bd5+ 1/2-1/2

[Event "Portoroz op 13th"]
[Site "Portoroz"]
[Date "2019.07.12"]
[Round "8"]
[White "Gruskovnjak, Tomislav"]
[Black "Siraj, Anej"]
[Result "1/2-1/2"]
[WhiteElo "2275"]
[BlackElo "1848"]
[PlyCount "75"]
[EventDate "2019.07.06"]
[EventType "swiss"]
[EventRounds "9"]
[EventCountry "SLO"]
[SourceTitle "CBM 191 Extra"]
[Source "ChessBase"]
[SourceDate "2019.09.30"]
[SourceVersion "1"]
[SourceVersionDate "2019.09.30"]
[SourceQuality "1"]

1. Nf3 d5 2. d4 Bf5 3. c4 e6 4. Nc3 Nf6 5. Bg5 c6 6. e3 Nbd7 7. Bd3 Qb6 8. Rb1 dxc4 9. Bxf5 exf5 10. Nd2 Qa6 11. Qf3 h6 12. Bxf6 Nxf6 13. Qxf5 Be7 14. Qe5 b5 15. Nde4 b4 16. Nd6+ Kf8 17. Nf5 Qb7 18. Ne4 c5 19. Nxc5 Bxc5 20. Qxc5+ Kg8 21. Ne7+ Kf8 22. Nf5+ Kg8 23. 0-0 Ne4 24. Qe5 f6 25. Qe6+ Kh7 26. Qxc4 g6 27. Nh4 g5 28. Nf3 g4 29. Qd3 gxf3 30. gxf3 Rhg8+ 31. Kh1 f5 32. fxe4 fxe4 33. Qe2 Raf8 34. Rg1 Qf7 35. Rxg8 Rxg8 36. Rc1 Qf5 37. Rg1 Rf8 38. Qc4 1/2-1/2

[Event "Portoroz op 13th"]
[Site "Portoroz"]
[Date "2019.07.06"]
[Round "1"]
[White "Palac, Mladen"]
[Black "Siraj, Anej"]
[Result "1-0"]
[WhiteElo "2553"]
[BlackElo "1848"]
[PlyCount "73"]
[EventDate "2019.07.06"]
[EventType "swiss"]
[EventRounds "9"]
[EventCountry "SLO"]
[SourceTitle "CBM 191 Extra"]
[Source "ChessBase"]
[SourceDate "2019.09.30"]
[SourceVersion "1"]
[SourceVersionDate "2019.09.30"]
[SourceQuality "1"]

1. d4 Nf6 2. c4 d6 3. Nc3 Nbd7 4. e4 e5 5. Nf3 Be7 6. Be2 0-0 7. 0-0 c6 8. Qc2 Qc7 9. Rb1 a6 10. b4 d5 11. exd5 cxd5 12. c5 Re8 13. Bg5 e4 14. Ne1 b6 15. Qd2 Bb7 16. Nc2 Nf8 17. Ne3 Rad8 18. Nf5 bxc5 19. bxc5 Bc8 20. Nxe7+ Qxe7 21. Rb6 Ne6 22. Bh4 h6 23. Rfb1 g5 24. Bg3 Nd7 25. Nxd5 Qf8 26. Rd6 f5 27. Bc4 f4 28. Nxf4 gxf4 29. Rxe6 Kh8 30. Rxe8 Rxe8 31. Bxf4 Kh7 32. c6 Nf6 33. d5 Nh5 34. Be3 Qg7 35. d6 Bh3 36. Rb7 Re7 37. Rxe7 1-0

[Event "Ljubljana-chT 72nd 1st League"]
[Site "Ljubljana"]
[Date "2019.03.14"]
[Round "7.3"]
[White "Siraj, Anej"]
[Black "Simicak, Metod"]
[Result "1-0"]
[WhiteElo "1855"]
[BlackElo "1706"]
[PlyCount "39"]
[EventDate "2019.01.10"]
[EventType "team-tourn"]
[EventRounds "9"]
[EventCountry "SLO"]
[SourceTitle "EXT 2024"]
[Source "ChessBase"]
[SourceDate "2023.10.10"]
[SourceVersion "1"]
[SourceVersionDate "2023.10.10"]
[SourceQuality "1"]
[WhiteTeam "Vrhnika"]
[BlackTeam "Menges Trzin"]
[WhiteTeamCountry "SLO"]
[BlackTeamCountry "SLO"]

1. d4 Nf6 2. Nf3 e6 3. Bf4 d5 4. e3 Bd6 5. Bg3 c5 6. Nbd2 0-0 7. c3 a6 8. Bd3 Re8 9. Ne5 Qc7 10. f4 Nc6 11. Bh4 Be7 12. 0-0 c4 13. Bc2 h6 14. g4 Nxe5 15. fxe5 Ne4 16. Bxe7 Nxd2 17. Bd6 Qb6 18. Qxd2 g6 19. Rxf7 Kxf7 20. Qf2+ 1-0

[Event "Otocec Krka Terme op"]
[Site "Otocec"]
[Date "2018.12.28"]
[Round "7"]
[White "Siraj, Anej"]
[Black "Markun, Ozbej"]
[Result "1-0"]
[WhiteElo "1997"]
[BlackElo "1898"]
[PlyCount "79"]
[EventDate "2018.12.25"]
[EventType "swiss"]
[EventRounds "9"]
[EventCountry "SLO"]
[SourceTitle "EXT 2020"]
[Source "ChessBase"]
[SourceDate "2019.10.17"]
[SourceVersion "1"]
[SourceVersionDate "2019.10.17"]
[SourceQuality "1"]

1. d4 d5 2. Bf4 Nf6 3. Nf3 e6 4. Nbd2 Be7 5. e3 0-0 6. Bd3 b6 7. Ne5 Bb7 8. c3 Nbd7 9. Qf3 c5 10. h4 cxd4 11. exd4 Kh8 12. g4 Nxe5 13. Bxe5 Nd7 14. Bg3 f6 15. Qe2 e5 16. dxe5 fxe5 17. 0-0-0 d4 18. Be4 dxc3 19. Bxb7 cxd2+ 20. Kb1 Rb8 21. Be4 Nc5 22. Rxd2 Qe8 23. Bc2 Qf7 24. Bxe5 Rbe8 25. Qd1 Bf6 26. Bd6 Be7 27. Bg3 Bf6 28. g5 Be5 29. g6 Qc7 30. Bxe5 Qxe5 31. gxh7 Qf4 32. h5 Re6 33. f3 Ref6 34. Rh3 R6f7 35. h6 gxh6 36. Rg2 Rg7 37. Rxg7 Kxg7 38. Qg1+ Kh8 39. Rg3 Qf7 40. Qd4+ 1-0

[Event "Otocec Krka Terme op"]
[Site "Otocec"]
[Date "2018.12.27"]
[Round "6"]
[White "Zupan, Gorazd"]
[Black "Siraj, Anej"]
[Result "1/2-1/2"]
[WhiteElo "1641"]
[BlackElo "1997"]
[PlyCount "173"]
[EventDate "2018.12.25"]
[EventType "swiss"]
[EventRounds "9"]
[EventCountry "SLO"]
[SourceTitle "EXT 2020"]
[Source "ChessBase"]
[SourceDate "2019.10.17"]
[SourceVersion "1"]
[SourceVersionDate "2019.10.17"]
[SourceQuality "1"]

1. e4 c5 2. Nf3 d6 3. d4 cxd4 4. Nxd4 Nf6 5. Nc3 g6 6. Be3 Bg7 7. f3 Nc6 8. Qd2 0-0 9. Bc4 Bd7 10. 0-0-0 Ne5 11. Bb3 Qa5 12. Kb1 Rfc8 13. h4 b5 14. Nd5 Qxd2 15. Rxd2 Nxd5 16. Bxd5 Rab8 17. h5 Nc4 18. Bxc4 bxc4 19. c3 f5 20. exf5 gxf5 21. g4 Kf7 22. gxf5 a6 23. Re1 Rc5 24. Ne6 Rxf5 25. Nxg7 Kxg7 26. Bg5 Ba4 27. Bxe7 d5 28. Bc5 Rxh5 29. Rg2+ Kf7 30. Reg1 Re8 31. Rg7+ Kf6 32. Bd4+ Kf5 33. Rf7+ Ke6 34. Rf6+ Kd7 35. Rxa6 Bc6 36. Ra7+ Kd6 37. Rag7 Ba4 38. f4 Re2 39. Be5+ Kc5 40. Bd4+ Kc6 41. Ra7 Bc2+ 42. Ka1 Rhh2 43. Ra6+ Kb5 44. Rb6+ Ka5 45. Rb8 Rd2 46. Ra8+ Kb5 47. Rb8+ Ka5 48. Ra8+ Kb5 49. Rb8+ Ka6 50. Ra8+ Kb7 51. Ra7+ Kc6 52. Ra6+ Kb5 53. Rb6+ Ka5 54. Rb8 h5 55. Ra8+ Kb5 56. Rb8+ Ka6 57. Ra8+ Kb7 58. Ra7+ Kc6 59. a4 Rd1+ 60. Rxd1 Bxd1 61. Ra6+ Kb7 62. Rg6 Bxa4 63. f5 Kc8 64. f6 Rh1+ 65. Rg1 Rxg1+ 66. Bxg1 Kd7 67. Kb1 Ke6 68. f7 Kxf7 69. Kc1 Kg6 70. Kd2 Kg5 71. Ke3 Kg4 72. Kf2 Kh3 73. Kf3 Bd1+ 74. Kf2 h4 75. Kf1 Bf3 76. Bc5 Kg4 77. Kg1 h3 78. Kh2 Bg2 79. Ba3 Kf3 80. Bc5 Ke4 81. Ba3 d4 82. cxd4 Kxd4 83. Bb4 Kd3 84. Bc3 Kc2 85. Bh8 Kb3 86. Bc3 Bf1 87. Bh8 1/2-1/2

[Event "Otocec Krka Terme op"]
[Site "Otocec"]
[Date "2018.12.26"]
[Round "5"]
[White "Jaksa, Cvetko"]
[Black "Siraj, Anej"]
[Result "1-0"]
[WhiteElo "1897"]
[BlackElo "1997"]
[PlyCount "185"]
[EventDate "2018.12.25"]
[EventType "swiss"]
[EventRounds "9"]
[EventCountry "SLO"]
[SourceTitle "EXT 2020"]
[Source "ChessBase"]
[SourceDate "2019.10.17"]
[SourceVersion "1"]
[SourceVersionDate "2019.10.17"]
[SourceQuality "1"]

1. b3 d5 2. e3 Nf6 3. Bb2 Bf5 4. Bb5+ c6 5. Be2 Nbd7 6. g4 Bg6 7. h4 h5 8. g5 Ne4 9. d3 Nd6 10. Nf3 e6 11. Qd2 Qc7 12. Ne5 Nxe5 13. Bxe5 0-0-0 14. Qc3 Rg8 15. Nd2 Qb6 16. Bd4 Qa6 17. a4 Nf5 18. Be5 Qb6 19. a5 Qb4 20. a6 Qxc3 21. axb7+ Kxb7 22. Bxc3 Bc5 23. Bb2 Bb6 24. Nf3 c5 25. Ra4 Nd6 26. Ne5 Rc8 27. c4 Rcd8 28. Bf3 Nf5 29. Kf1 Kc7 30. Kg2 dxc4 31. bxc4 Ne7 32. Ra3 Kb8 33. Rb3 Kc7 34. Ba3 Nf5 35. Kh3 Rgf8 36. d4 cxd4 37. Bxf8 Rxf8 38. Nxg6 fxg6 39. e4 Nd6 40. Kg2 Nb7 41. Bd1 Nc5 42. Rf3 Rxf3 43. Bxf3 e5 44. Kg3 Ne6 45. Rb1 a6 46. Ra1 a5 47. Bd1 Nf4 48. c5 Bxc5 49. Rxa5 Kd6 50. Ra6+ Kc7 51. Ra8 d3 52. Rg8 Ne2+ 53. Kf3 Nc3 54. Bb3 d2 55. Rxg7+ Kd8 56. Rxg6 d1Q+ 57. Bxd1 Nxd1 58. Rc6 Bd4 59. Ke2 Kd7 60. Rc4 Nc3+ 61. Kd3 Nb5 62. f4 Nd6 63. Rc2 Ke8 64. f5 Kf8 65. Rc7 Bf2 66. Rh7 Bxh4 67. Rxh5 Bg3 68. g6 Ne8 69. Rh8+ Ke7 70. Rh7+ Kf8 71. f6 Nxf6 72. Rf7+ Kg8 73. Rxf6 Kg7 74. Rc6 Bh4 75. Ke3 Bf6 76. Kf3 Kxg6 77. Kg4 Kf7 78. Kf5 Bg7 79. Rc7+ Kf8 80. Kg6 Bh8 81. Rc8+ Ke7 82. Rxh8 Kd6 83. Rc8 Ke6 84. Rd8 Ke7 85. Rd1 Ke6 86. Rd5 Ke7 87. Kf5 Kf7 88. Rd7+ Ke8 89. Ke6 Kf8 90. Kf6 Kg8 91. Ra7 Kh8 92. Kg6 Kg8 93. Ra8# 1-0

[Event "Otocec Krka Terme op"]
[Site "Otocec"]
[Date "2018.12.25"]
[Round "3"]
[White "Novak, Simona"]
[Black "Siraj, Anej"]
[Result "0-1"]
[WhiteElo "1699"]
[BlackElo "1997"]
[PlyCount "108"]
[EventDate "2018.12.25"]
[EventType "swiss"]
[EventRounds "9"]
[EventCountry "SLO"]
[SourceTitle "EXT 2020"]
[Source "ChessBase"]
[SourceDate "2019.10.17"]
[SourceVersion "1"]
[SourceVersionDate "2019.10.17"]
[SourceQuality "1"]

1. e4 c5 2. Nf3 d6 3. d4 cxd4 4. Nxd4 Nf6 5. Nc3 g6 6. f3 Bg7 7. Be3 Nc6 8. Qd2 0-0 9. g4 Bd7 10. 0-0-0 Qa5 11. Nxc6 bxc6 12. Bh6 Rfb8 13. Bxg7 Kxg7 14. Bc4 Qb4 15. Bb3 c5 16. Nd5 Nxd5 17. exd5 Qb7 18. c4 a5 19. Qc3+ Kg8 20. Rd3 a4 21. Bc2 Ra6 22. h4 Rb6 23. b3 axb3 24. Bxb3 Ba4 25. Kc2 Bxb3+ 26. axb3 Ra6 27. Ra1 Rba8 28. Rdd1 Qa7 29. Rxa6 Qxa6 30. Re1 Ra7 31. h5 Qa2+ 32. Qb2 Qxb2+ 33. Kxb2 gxh5 34. gxh5 Kg7 35. Rg1+ Kh6 36. f4 Ra8 37. Rg5 f6 38. Rg1 Rf8 39. Re1 Rf7 40. Rh1 Rg7 41. Rh4 f5 42. Rh3 Rf7 43. Kc3 Kg7 44. b4 cxb4+ 45. Kxb4 Kf6 46. c5 dxc5+ 47. Kxc5 Rg7 48. d6 exd6+ 49. Kxd6 Rg4 50. Re3 Rxf4 51. Re6+ Kg5 52. h6 Re4 53. Re5 Rxe5 54. Kxe5 f4 0-1

[Event "Otocec Krka Terme op"]
[Site "Otocec"]
[Date "2018.12.25"]
[Round "2"]
[White "Siraj, Anej"]
[Black "Zupancic, Urban"]
[Result "0-1"]
[WhiteElo "1997"]
[BlackElo "1973"]
[PlyCount "90"]
[EventDate "2018.12.25"]
[EventType "swiss"]
[EventRounds "9"]
[EventCountry "SLO"]
[SourceTitle "EXT 2020"]
[Source "ChessBase"]
[SourceDate "2019.10.17"]
[SourceVersion "1"]
[SourceVersionDate "2019.10.17"]
[SourceQuality "1"]

1. d4 Nf6 2. Nf3 g6 3. Bg5 Bg7 4. Nbd2 0-0 5. c3 d6 6. e4 c6 7. Be2 Qc7 8. 0-0 e5 9. dxe5 dxe5 10. Qc2 h6 11. Be3 Nbd7 12. h3 Re8 13. Rad1 Nh5 14. Rfe1 Nf4 15. Bf1 Nf8 16. Nc4 Be6 17. a4 b6 18. b4 Rad8 19. a5 b5 20. Nb2 f5 21. exf5 Bxf5 22. Qc1 N8e6 23. c4 bxc4 24. Bxc4 Kh7 25. Bf1 Nd5 26. Bd2 Nd4 27. Nxd4 exd4 28. b5 cxb5 29. Bxb5 Rxe1+ 30. Rxe1 Nc3 31. Bd3 Qxa5 32. Bxf5 Qxf5 33. Re7 Qf6 34. Qe1 Qb6 35. Bxc3 dxc3 36. Nc4 Qd4 37. Ne3 Rd7 38. Re8 Qd2 39. Qb1 Rc7 40. Re6 c2 41. Nxc2 Qxc2 42. Qb8 Qc1+ 43. Kh2 Qf4+ 44. g3 Qxf2+ 45. Kh1 Rc1+ 0-1